[Event "Karl Mala Memorial op 08th"]
[Site "Frankfurt"]
[Date "2004.07.24"]
[Round "5"]
[White "Schwichtenberg, Juergen"]
[Black "Ly, Khang"]
[Result "1-0"]
[WhiteElo "1685"]
[BlackElo "1534"]
[PlyCount "69"]
[EventDate "2004.07.22"]
[EventType "swiss"]
[EventRounds "7"]
[EventCountry "GER"]
[SourceTitle "EXT 2005"]
[Source "ChessBase"]
[SourceDate "2004.11.15"]
[SourceVersion "1"]
[SourceVersionDate "2004.11.15"]
[SourceQuality "1"]

1. b4 e5 2. b5 c6 3. Bb2 e4 4. a4 Nf6 5. c4 d5 6. e3 Be7 7. Qc2 0-0 8. Ne2 Be6 9. Ng3 a6 10. Be2 axb5 11. axb5 Rxa1 12. Bxa1 Bd7 13. 0-0 Re8 14. Nc3 Bb4 15. Qb3 Bxc3 16. Bxc3 Be6 17. d4 exd3 18. Bxd3 Nbd7 19. Bd4 dxc4 20. Bxc4 Bxc4 21. Qxc4 Qc8 22. Rc1 Nb8 23. Bxf6 gxf6 24. Ne2 Qe6 25. Nd4 Qxc4 26. Rxc4 Rc8 27. Nf5 Rd8 28. g3 Kf8 29. Nd4 Rd6 30. Kg2 cxb5 31. Rc8+ Kg7 32. Nf5+ Kg6 33. Nxd6 Nd7 34. Rg8+ Kh5 35. g4+ 1-0